[Event "Posadas Anniv CAP 78th"]
[Site "Posadas"]
[Date "2004.07.11"]
[Round "6"]
[White "Goiriz, Yahari Damian"]
[Black "Pintos Merlo, Ignacio"]
[Result "0-1"]
[WhiteElo "2013"]
[BlackElo "1800"]
[PlyCount "86"]
[EventDate "2004.07.08"]
[EventType "swiss"]
[EventRounds "7"]
[EventCountry "ARG"]
[SourceTitle "EXT 2008"]
[Source "ChessBase"]
[SourceDate "2007.11.25"]
[SourceVersion "1"]
[SourceVersionDate "2007.11.25"]
[SourceQuality "1"]

1. Nf3 g6 2. d4 b6 3. e4 Bb7 4. Bd3 Bg7 5. Bf4 d6 6. 0-0 Nd7 7. Nbd2 Ngf6 8. c3 0-0 9. h3 Re8 10. Be3 e5 11. d5 Rf8 12. b4 Ne8 13. Qc2 h6 14. c4 Nef6 15. Nb3 Nh5 16. Qd2 Kh7 17. Nh2 f5 18. exf5 gxf5 19. g4 e4 20. Bc2 Rg8 21. Kh1 Bxa1 22. Nxa1 Nhf6 23. f3 Ne5 24. fxe4 Nxc4 25. Qf2 Nxe3 26. Qxe3 Nxe4 27. Rxf5 Qe7 28. Rh5 Qf6 29. Qxe4+ Rg6 30. Nf3 Qxa1+ 31. Kg2 Qf6 32. Rxh6+ Kxh6 33. g5+ Kg7 34. Kh2 Qf7 35. Nh4 Rxg5 36. Qh7+ Kf8 37. Qh8+ Rg8 38. Qh6+ Ke8 39. Qe3+ Kd8 40. Ng2 Bxd5 41. Nf4 Bb7 42. Ne6+ Kc8 43. Ng5 Rxg5 0-1

[Event "Posadas Anniv CAP 78th"]
[Site "Posadas"]
[Date "2004.07.10"]
[Round "4"]
[White "Pintos Merlo, Ignacio"]
[Black "Rueda, Romina"]
[Result "0-1"]
[WhiteElo "1800"]
[BlackElo "1800"]
[PlyCount "108"]
[EventDate "2004.07.08"]
[EventType "swiss"]
[EventRounds "7"]
[EventCountry "ARG"]
[SourceTitle "EXT 2008"]
[Source "ChessBase"]
[SourceDate "2007.11.25"]
[SourceVersion "1"]
[SourceVersionDate "2007.11.25"]
[SourceQuality "1"]

1. e4 e5 2. Nf3 d6 3. Bc4 Be7 4. 0-0 Bg4 5. c3 Nf6 6. h3 Bh5 7. d3 0-0 8. g4 Bg6 9. Qb3 Qc8 10. Bg5 Nc6 11. Nbd2 Na5 12. Qa4 Nxc4 13. Qxc4 c6 14. Nh4 Kh8 15. Ndf3 b5 16. Qb3 h6 17. Nxg6+ fxg6 18. Nh4 Kh7 19. Bxf6 Rxf6 20. Ng2 Rf3 21. Kh2 Qf8 22. Qc2 Qf7 23. Rac1 Qxa2 24. c4 bxc4 25. Qxc4 Qxc4 26. dxc4 Rb8 27. Ra1 Rxb2 28. Rxa7 Bg5 29. Ra6 Rfxf2 30. Rxf2 Rxf2 31. Rxc6 Rc2 32. Kg3 Rc3+ 33. Kf2 Rc2+ 34. Kf3 h5 35. Rxd6 Rxc4 36. Rd5 Rc3+ 37. Kf2 Bf4 38. gxh5 Bg3+ 39. Ke2 gxh5 40. Ne3 Bf4 41. Nf5 Rc7 42. Kf3 g6 43. Nd6 Rc3+ 44. Kg2 Rc2+ 45. Kf3 Rh2 46. Nf7 Rxh3+ 47. Kg2 Rg3+ 48. Kf1 h4 49. Rd7 Kg8 50. Nd6 h3 51. Rd8+ Kg7 52. Rd7+ Kh6 53. Nf7+ Kh5 54. Nd6 h2 0-1

[Event "Posadas qual"]
[Site "Posadas"]
[Date "2003.10.04"]
[Round "2"]
[White "Pintos Merlo, Ignacio"]
[Black "Garcia, Cristian"]
[Result "0-1"]
[WhiteElo "1729"]
[BlackElo "1706"]
[PlyCount "50"]
[EventDate "2003.10.04"]
[EventType "swiss"]
[EventRounds "5"]
[EventCountry "ARG"]
[SourceTitle "EXT 2004"]
[Source "ChessBase"]
[SourceDate "2003.11.25"]
[SourceVersion "1"]
[SourceVersionDate "2003.11.25"]
[SourceQuality "1"]

1. e4 c5 2. Nf3 d6 3. Nc3 Nf6 4. d4 cxd4 5. Nxd4 a6 6. Bg5 e6 7. f4 Be7 8. Be2 b5 9. 0-0 Bb7 10. Bf3 Qc7 11. Qd2 Nbd7 12. a3 Nc5 13. Qe3 0-0 14. Rad1 Rac8 15. f5 e5 16. Nde2 Ncd7 17. g4 d5 18. Qc1 d4 19. Na2 Qxc2 20. Qa1 Bxe4 21. Rc1 Qd3 22. Bxe4 Nxe4 23. Bxe7 Qe3+ 24. Kh1 Qxe2 25. Bxf8 Rc2 0-1